000 00662nam a2200205Ia 4500
999 _c11449
_d11449
003 OSt
005 20191231145500.0
008 190216s9999||||xx |||||||||||||| ||und||
020 _a9788184842845
040 _coclc
082 _a338.954
_bPAN/T
100 1 _aPan, Suvranshu,
_9990
_d1975-
245 0 _aTwo Decades Of Economic Reforms In India /
_cSuvranshu Pan ; Santanu Ghosh ; Asim K Karmakar
260 _bRegal Publications,
_c2014.
_aNew Delhi:
300 _a391p
650 _aEcnomics
700 1 _9987
_aGhosh, Santanu,
_d1961-
700 1 _9988
_aKarmakar, Asim K.,
_d1956-
942 _cBK
_2ddc
_h338.954
_iPAN/I
_k338.954
_mPAN/I